000 00637nam a2200193Ia 4500
005 20250508153940.0
008 008 250505s9999 xx 000 0 eng d
037 _aBooks to be hide in OPAC
040 _aFEDL
_beng
_cFEDL
041 _aeng
_2eng
084 _a371.6, UNI/O
_qFEDL
100 _aCollins George J
_9764738
245 0 _aNational inventory of school facilities and personnel, Spring 1962
245 0 _cU S Department of health, Education and welfare
260 _aWashington, USA
_bU.S. Government Printing Office
_c1964
300 _av,134p
942 _cHB
_h371.6, UNI/O
999 _c1346551
_d1346551